El poder de la visualización: para conocerse, para sentirse mejor, para cambiar

I tiakina i:
Ngā taipitopito rārangi puna kōrero
Kaituhi matua: Philippe, Noelle (Author)
Hōputu: Pukapuka
Reo:Pāniora
I whakaputaina: Bilbao Mensajero 1996
Rangatū:Colección Desarrollo Personal
Ngā marau:
Ngā Tūtohu: Tāpirihia he Tūtohu
Kāore He Tūtohu, Me noho koe te mea tuatahi ki te tūtohu i tēnei pūkete!

MARC

LEADER 00000nam a2200000 a 4500
001 UCP8855
003 CL-VaPUC
008 000317e19960000SP |||||||||||||||||spa|d
082 0 4 |a 153.4  |b PHI  |2 21 
100 0 |a Philippe, Noelle  |e author  |9 439118 
245 1 3 |a El poder de la visualización: para conocerse, para sentirse mejor, para cambiar 
300 |a 183 p 
942 |c BK 
945 |d 20000317 00:00:00  |a rbrito 
260 |a Bilbao  |b Mensajero  |c 1996 
650 0 |a Cognición   |9 270347 
650 0 |a Aprendizaje   |9 254827 
650 0 |a Relajación  |9 309705 
650 7 |a PENSAMIENTOS  |2 CL-VaPUC  |9 378316 
650 7 |a PSICOTERAPIA  |2 CL-VaPUC  |9 439119 
650 7 |a CRECIMIENTO PERSONAL  |2 CL-VaPUC  |9 438434 
583 |a last modification  |c 20000317 00:00:00  |k Rodrigo Vera 
490 0 |a Colección Desarrollo Personal 
999 |c 285734  |d 285732 
952 |0 0  |1 0  |4 0  |6 153_400000000000000_PHI_1996  |7 0  |8 A  |9 330503  |a BIBEDU  |b BIBEDU  |d 2019-11-20  |i 3596559  |o 153.4 PHI 1996  |p 3596559  |r 2019-11-20  |w 2019-11-20  |y BK  |k EPE